European Geographic Groups of Three #1 - Statistics

General Stats
  • This quiz has been taken 1,405 times
    1,357 since last reset
  • The average score is 25 of 36
Answer Stats
Hint Answer % Correct
Baltic Countries Latvia
95%
Countries in the Benelux Luxembourg
95%
Biggest Cities in France Paris
95%
Countries in the Benelux Belgium
94%
Baltic Countries Estonia
94%
Countries in the Benelux Netherlands
94%
Baltic Countries Lithuania
93%
Countries starting with a A Andorra
91%
Largest Italian Islands Sicily
91%
Countries starting with a A Albania
88%
Countries bordering Bosnia Croatia
88%
Countries bordering Bosnia Serbia
88%
Capitals starting with R Rome
86%
Longest Rivers Europe Danube
85%
Countries bordering Bosnia Montenegro
84%
Countries starting with a A Austria
79%
Capitals starting with R Riga
79%
Largest Italian Islands Sardinia
79%
Biggest Cities in France Lyon
77%
Countries with 13 letters United Kingdom
77%
Biggest Cities in France Marseille
76%
Seas starting with a C Caspian Sea
74%
Capitals starting with R Reykjavik
71%
Countries ending in E Greece
70%
Countries ending in E France
69%
Longest Rivers Europe Volga
68%
Countries with 13 letters Liechtenstein
64%
Countries ending in E Ukraine
60%
Longest Mountain Ranges Ural Mountains
58%
Longest Rivers Europe Ural
57%
Countries with 13 letters Czech Republic
42%
Longest Mountain Ranges Carpathian Mountains
32%
Largest Italian Islands Elba
20%
Seas starting with a C Celtic Sea
15%
Longest Mountain Ranges Scandinavian Mountains
8%
Seas starting with a C Cantabrian Sea
2%
No matching quizzes found
Score Distribution
Percent of People with Each Score
Percentile by Number Answered
Your Score History
You have not taken this quiz since the last reset